| 000 | 00374nam a2200133Ia 4500 | ||
|---|---|---|---|
| 008 | 191014s9999 xx 000 0 und d | ||
| 020 | _a0-8053-1645-0 | ||
| 082 |
_a530.143 _bCAI |
||
| 100 |
_aE.R. Caianiello _920436 |
||
| 245 | 0 | _aCombinatorics and Renormalization in quantum field Theory | |
| 260 |
_aCanada _bW.A.Benjamin Inc. _c1973 |
||
| 300 | _aXv,121 | ||
| 942 | _cBK | ||
| 999 |
_c531018 _d531018 |
||